| 000 | 01175nam a2200277 a 4500 | ||
|---|---|---|---|
| 003 | BLK | ||
| 005 | 20250605110602.0 | ||
| 008 | 230329b bu |||||r|||| 00| | bu d | ||
| 020 | _a9786192290825 | ||
| 040 | _aBLK | ||
| 041 |
_aBUL _cBUL |
||
| 080 |
_aИздания за деца и юноши. Книжки-картинки. Читанки. Вж и 372.4 _b087.5 _z087.5 |
||
| 100 |
_91299 _aМойл, Сабрина _eпърви автор |
||
| 139 |
_aМойл, Сабрина _bМ 79 |
||
| 245 |
_aМама е магична _cСабрина Мойл; ил. Юнис Мойл; прев. Диана Бойчева; ред. Петя В. Димитрова |
||
| 260 |
_9217388 _aСофия _bРакета _c2022 _dимпринт на БГ книга |
||
| 300 |
_a24 с. _bс цв. ил. _c17х17 см |
||
| 380 | _aDX | ||
| 700 |
_9599 _aМойл, Юнис _eил. |
||
| 700 |
_9966 _aБойчева, Диана _eпрев. |
||
| 700 |
_91311 _aДимитрова, Петя Валентинова _eред. |
||
| 852 |
_aЦб І 42493 _bЦб |
||
| 856 |
_i0.00 _ldisable |
||
| 942 |
_cKNG _n0 _s1 _027 |
||
| 944 |
_aCR _c2023-07-07 _k30551 _lБояна Костадинова |
||
| 999 |
_c490384 _d490384 |
||